[Event "54th Ilmar Raud Memorial"]
[Site "Viljandi"]
[Date "2020.07.07"]
[Round "3.7"]
[White "Nyysti, Sampsa"]
[Black "Miezis, Normunds"]
[Result "1-0"]
[WhiteElo "2338"]
[BlackElo "2489"]
[PlyCount "74"]
[EventDate "2020.??.??"]

1. e4 c5 2. Nf3 e6 3. d4 cxd4 4. Nxd4 a6 5. Bd3 Ne7 6. O-O Nbc6 7. c3 g6 8.
Nxc6 Nxc6 9. Bf4 d6 10. Bc2 Qc7 11. Nd2 Ne5 12. Be3 Bg7 13. f4 Nd7 14. Qf3 O-O
15. Qh3 f5 16. exf5 gxf5 17. Nf3 Nf6 18. Rae1 Bd7 19. Bd4 Rae8 20. Bb3 Ne4 21.
Bxg7 Kxg7 22. Ng5 Nxg5 23. fxg5 d5 24. Qh6+ Kh8 25. Rf3 Bc8 (25... Rf7) 26.
Rfe3 {[%cal Rb3d5]} f4 (26... Rd8 27. Bxd5 $3 exd5 (27... f4 28. Re5 Qc5+ 29.
Kh1 Rxd5 30. Rxd5 exd5 31. g6 Qc7 32. Qxf8#) (27... Rxd5 28. Qxf8#) 28. Re7)
27. Re5 f3 28. gxf3 Rxf3 29. Bxd5 Rf4 30. Bg2 Rg8 31. h4 Qb6+ 32. Kh2 Qf2 (
32... Qxb2 $13 33. g6 (33. R1e2 Qc1 34. g6 Rxg6) (33. R5e2 Qxc3 34. g6 Qc7 $3
35. Re5 Rg4) 33... Rxg6 34. Qxf4 Qxg2#) 33. R5e4 Rf3 (33... Rxe4 34. Rxe4 Bd7
35. Qf6+ (35. h5 Bc6 36. g6 Rg7 37. Qf4 Qxf4+ 38. Rxf4 Bxg2 39. Rf8+ Rg8 40.
Rxg8+ Kxg8 41. gxh7+ Kxh7 42. Kxg2 Kh6 43. Kf3 Kxh5 44. Kf4 Kg6 45. Ke5 Kf7 46.
c4 Ke7 47. b4 Kd7) 35... Qxf6 36. gxf6 Bc6 37. Re2 Bxg2 38. f7 (38. Rxg2 Rxg2+
39. Kxg2 Kg8 40. Kf3 Kf7 41. Kf4 Kxf6 42. c4 e5+ 43. Ke4 Ke6 44. c5 a5 45. h5
h6 46. b3 Kf6 47. a3 Ke6 48. b4 axb4 49. axb4 Kf6 50. b5 Ke6 51. b6) 38... Rf8
(38... Rd8 39. Rxg2 Rf8 40. Rf2 Kg7 41. Kg3 Rxf7 42. Rxf7+ Kxf7 43. Kf4 Kg6 44.
a4 Kf6 (44... Kh5 45. Kg3 e5 46. b4 e4 47. c4 e3 48. c5) (44... a5 45. b4 b6
46. bxa5 bxa5 47. Ke5 Kf7 48. Kd6 Kf6 49. c4 e5 50. Kd5 $1 Kf5 51. c5 e4 52. c6
e3 53. c7 e2 54. c8=Q+) 45. a5 e5+ 46. Ke4 Ke6 47. b4 Kd6 48. h5 Ke6 49. h6 Kd6
50. c4 Ke6 51. b5 Kd6 52. b6 Kc5 53. Kxe5 Kxc4 54. Kd6 Kb5 55. Kc7) 39. Kxg2
Rxf7 40. Rxe6) 34. Rf1 Qxf1 (34... Qg3+ 35. Kg1 Rxf1+ 36. Kxf1) 35. Bxf1 Rxf1
36. Re2 b5 37. Rd2 Rf7 1-0

[Event "54th Ilmar Raud Memorial"]
[Site "Viljandi"]
[Date "2020.07.07"]
[Round "3.8"]
[White "Olde, Margareth"]
[Black "Seeman, Tarvo"]
[Result "1/2-1/2"]
[WhiteElo "2205"]
[BlackElo "2415"]
[PlyCount "120"]
[EventDate "2020.??.??"]

1. d4 g6 2. c4 Bg7 3. e4 d6 4. Nc3 Nf6 5. h3 O-O 6. Be3 Na6 7. Nf3 e5 8. d5 Nh5
9. g3 f5 10. exf5 gxf5 11. Ng5 Nf6 (11... Qe8 12. Be2 Nf6 13. Qd2 Qg6 14. O-O-O
Bd7 15. h4 Ng4 16. h5 Qe8 17. Bxg4 fxg4 18. Qe2 h6 19. Nge4 Qf7 20. a3 Bf5 21.
Rh4 Qd7 22. Qd2 Kh7 23. Qc2 Kh8 24. Qd2 Kh7 25. Qc2 Kh8 26. Qd2 {1/2 (26)
Karjakin,S (2767)-Nakamura,H (2764) Tashkent 2014}) 12. Qd2 Qe8 (12... Qe7 13.
O-O-O Nc5 14. Be2 a6 15. Rhg1 h6 16. Nf3 Nfe4 17. Nxe4 Nxe4 18. Qc2 Ng5 19.
Nxg5 hxg5 20. Rde1 Bd7 21. Bd2 c6 22. Kb1 cxd5 23. cxd5 a5 24. Rc1 b5 25. Qc7
Bf6 26. h4 g4 27. Bxa5 Rfc8 28. Qb6 Rcb8 29. Qc7 Rc8 30. Qb6 Rcb8 31. Qc7 Rc8 {
1/2 (31) Cramling,P (2444)-Hillarp Persson,T (2523) Vasteras 2016}) 13. O-O-O
Nc5 14. Bxc5 (14. Be2 h6 15. Bxc5 hxg5) 14... dxc5 15. Nb5 Qe7 16. d6 cxd6 17.
Qxd6 Qxd6 18. Nxd6 h6 19. Nxc8 Raxc8 20. Ne6 Rfe8 21. Nxg7 Kxg7 22. Bg2 e4 23.
Rhe1 Rcd8 24. Rxd8 Rxd8 25. f3 Rd4 26. b3 b6 27. g4 fxg4 28. hxg4 exf3 29. Bxf3
Kf7 30. Rg1 Kg6 31. Re1 Nxg4 (31... Rf4 32. Bd1 (32. Bc6 Nxg4 (32... Rf2 33.
Re7 Rxa2 34. Kb1 Rd2 35. Rxa7 Rd6) 33. Re7 h5 34. Rxa7 h4 35. Rb7 Kg5 36. Rxb6
Rf6 37. Ra6 Kf4 38. Bb7 Rxa6 39. Bxa6 Ke3 40. Bc8 h3 41. a4 Kf2 42. a5 h2 43.
Bb7 Ne3 44. a6 Ng2 45. a7 h1=Q+ 46. Kb2 Qh8+ 47. Ka2) 32... Nxg4 33. Re7 h5 34.
Rxa7 h4 35. Bc2+ Kf6 36. Rh7 Rf1+ 37. Kb2 Rf2 38. Rxh4 Ne3 39. Rh6+ Ke5 40.
Rxb6 Nxc2 41. a3 Ne1+ 42. Kb1 Kd4 43. Re6 Nd3 44. b4 Kc3 45. bxc5 (45. Re3 Rb2+
46. Ka1 Rd2 47. Kb1 Kb3) 45... Rf1+ 46. Ka2 Nc1+) 32. Re7 h5 33. Rxa7 Rf4 34.
Bc6 Ne5 35. Be8+ Kg5 36. Rh7 h4 37. Rh5+ Kf6 38. Kd2 Re4 39. Bb5 Kg6 40. Be8+
Kg7 41. Bb5 Nf3+ 42. Kd3 Re6 (42... Re5 43. Rxe5 Nxe5+ 44. Ke3 h3 45. Ba6 (45.
Kf2 Nd3+ 46. Kg3 Nc1 47. Kxh3 Nxa2 (47... Kf6 48. Kg3 Ke5 49. Kf3 Kd4 50. Kf4
Nxa2 51. Kf5 Nc1 52. Ba4 Kc3 53. Ke5 Nxb3 54. Kd5) 48. Kg4) 45... h2 46. Bb7
Kf6 47. Kf2 Nd3+ 48. Kg2 Nc1 49. Kxh2 Ke5 50. Kg3 Nxa2 51. Bc6 Kd4 52. Kf4 Kc3
53. Ba4 Kb4 54. Ke5 Nc1 55. Bd7 Nxb3 56. Kd5 Nd2 57. Bb5) 43. a3 Rh6 44. Rxh6
Kxh6 45. Ke3 Nd4 46. Ba4 Kg5 (46... h3 47. Kf2 Nc2 48. b4 cxb4 49. axb4 (49.
Bxc2 $4 bxa3 50. Bb3 Kg5 51. Kg3 Kf5 52. Kxh3 Ke4 53. Kg3 (53. c5 bxc5 54. Kg3
Kd3 55. Kf2 c4 56. Ba2 c3) 53... Kd3 54. Kf3 Kc3 55. Ba2 Kb2) 49... Nxb4 50.
Kg3) 47. b4 Kf5 48. bxc5 bxc5 49. Bd7+ Ke5 50. a4 Nb3 51. Bb5 Na5 52. Kf3 Kf5
53. Bd7+ Kg5 54. Be6 Nb3 55. Ke4 Kf6 56. Bh3 Kg5 57. Kd5 Kf4 58. a5 (58. Kc6
Ke3 (58... Kg3 59. Bc8 h3 60. Bxh3 Kxh3 61. Kb5 Kg4 62. a5) (58... Ke5 59. Kb6
Kd6 60. a5 Nd2 61. Bf1 $3 h3 62. a6 Nxc4+ 63. Bxc4 h2 64. Bd5 Kxd5 65. a7 h1=Q
66. a8=Q+) 59. Kb5 Kd4 60. Bf1 Nd2 61. a5 Nxf1 62. a6) 58... Nxa5 59. Kxc5 Kg3
60. Be6 Nxc4 1/2-1/2

[Event "54th Ilmar Raud Memorial"]
[Site "Viljandi"]
[Date "2020.07.07"]
[Round "3.9"]
[White "Wartiovaara, Oliver"]
[Black "Haitin, Ilja"]
[Result "1/2-1/2"]
[WhiteElo "2190"]
[BlackElo "2357"]
[PlyCount "95"]
[EventDate "2020.??.??"]

1. e4 d6 2. d4 Nf6 3. Nc3 e5 4. Nf3 Nbd7 5. Bc4 Be7 6. a4 O-O 7. O-O c6 8. Re1
h6 9. h3 Qc7 10. Be3 Re8 11. Ba2 Nf8 12. Nh4 Be6 13. Nf5 Bxf5 14. exf5 exd4 15.
Qxd4 d5 16. Bf4 Bd6 17. Bxd6 Qxd6 18. b4 N8d7 19. a5 b6 20. b5 c5 21. Qd2 d4
22. Na4 Re5 23. axb6 Rxe1+ 24. Qxe1 axb6 25. Nb2 Re8 26. Qd2 Ne4 27. Qd3 Nc3
28. Nc4 Qf6 29. g3 Ra8 30. Qf3 Rxa2 31. Rxa2 Nxa2 32. Qa8+ Kh7 33. Qxa2 Qxf5
34. Nd6 Qxh3 35. Qxf7 Nf6 36. Qb7 Qe6 37. Qc6 Nd5 38. Kg2 Nc3 39. Nc8 Qd5+ 40.
Qxd5 Nxd5 41. Kf3 c4 42. Nd6 d3 43. cxd3 c3 44. Ke2 h5 45. f4 h4 46. gxh4 Nxf4+
47. Kd1 Nxd3 48. Kc2 1/2-1/2

[Event "54th Ilmar Raud Memorial"]
[Site "Viljandi"]
[Date "2020.07.07"]
[Round "3.10"]
[White "Olde, Karl Erik"]
[Black "Kanep, Meelis"]
[Result "0-1"]
[WhiteElo "1751"]
[BlackElo "2465"]
[PlyCount "114"]
[EventDate "2020.??.??"]

1. d4 Nf6 2. c4 e6 3. Nf3 d5 4. e3 a6 5. Nc3 Be7 6. b3 O-O 7. Bb2 b6 8. cxd5
exd5 9. Be2 Bb7 10. O-O Nbd7 11. Rc1 Bd6 12. Qd2 Qe7 13. Rfe1 Ne4 14. Nxe4 dxe4
15. Ne5 Bxe5 (15... Nxe5 16. dxe5 Bxe5 17. Bxe5 Qxe5 18. Red1) 16. dxe5 c5 17.
Qc3 Rae8 18. Red1 Nxe5 19. Qxe5 Qxe5 20. Bxe5 Rxe5 21. Rd7 Bc8 22. Rd6 Re6 23.
Rcd1 b5 24. R6d5 Rc6 25. Rc1 c4 26. bxc4 Be6 27. Rd4 f5 28. Kf1 Rfc8 29. Ke1
bxc4 30. Rc3 Kf7 31. Kd2 Ke7 32. Kc2 Rb8 33. Ra3 Rb4 34. Kc3 Rb1 35. Rd1 Rb5
36. Ra4 g5 37. Rd4 Rb1 38. Rd1 Rbb6 39. Rd4 Rc5 40. Rb4 Rxb4 41. Kxb4 Rb5+ 42.
Kc3 Ra5 43. Rd2 Ra4 44. Rb2 Kd6 45. Bd1 Ra3+ 46. Kb4 Rd3 47. Be2 a5+ 48. Kxa5
Rc3 49. Rb6+ Kc5 50. a4 Bd7 51. Rb7 Kc6 (51... Bc6 52. Rf7 f4 53. exf4 gxf4 54.
Rxf4 Ra3 55. Rf5+ Kd4) 52. Rb4 (52. Rb2) 52... Be6 53. Rb6+ Kd7 54. Rb2 Rc1 (
54... Rb3 55. Rc2 c3 56. Rc1 f4 57. Bd1 Rb2 58. Rxc3 Rxf2) 55. Kb4 Kc7 (55...
c3 56. Bb5+ Kd6 57. Re2 Bd5) 56. Bf1 Rxf1 57. Rc2 Rb1+ 0-1

[Event "54th Ilmar Raud Memorial"]
[Site "Viljandi"]
[Date "2020.07.07"]
[Round "3.11"]
[White "Volodin, Aleksandr"]
[Black "Bondarenko, Dmitri"]
[Result "0-1"]
[WhiteElo "2497"]
[BlackElo "1944"]
[PlyCount "144"]
[EventDate "2020.??.??"]

1. d4 c6 2. c4 d5 3. Nf3 Nf6 4. e3 Bg4 5. Nc3 e6 6. h3 Bxf3 7. Qxf3 Nbd7 8. Bd3
Bd6 9. O-O O-O 10. Qe2 dxc4 11. Bxc4 e5 12. d5 e4 13. dxc6 bxc6 14. Qc2 Qe7 15.
Rd1 Qe5 16. g3 h5 17. h4 Nc5 18. b3 Ng4 19. Bb2 Qe7 20. Ba3 Nb7 21. Bxd6 Nxd6
22. Be2 Rac8 23. Rd2 Nf6 24. Rad1 Nf5 25. Bf1 Qe5 26. Ne2 Ng4 27. Qc3 (27. Bh3)
27... Nxh4 28. Qxe5 Nf3+ 29. Kg2 Ngxe5 30. Rd6 g6 31. Nc3 f5 32. Be2 Kg7 33.
Bxf3 exf3+ 34. Kh3 Rf6 35. R6d4 g5 36. Na4 g4+ 37. Kh2 Rh8 38. Nc5 h4 39. Nd3
hxg3+ 40. Kxg3 Rh3+ 41. Kf4 Ng6+ 42. Kg5 Nf8 43. Nc5 g3 44. Rd7+ (44. fxg3
Rxg3+ 45. Kf4 Rh3) 44... Nxd7 45. Rxd7+ Rf7 46. Ne6+ Kg8 47. Rd8+ Kh7 48. Kf4
gxf2 49. Rd1 Kg6 50. Rf1 Re7 51. Nc5 Kf6 52. Rxf2 Reh7 53. e4 R7h4+ 54. Ke3
fxe4 55. Nxe4+ Ke7 56. Ng5 Rh2 57. Rxf3 Rxa2 58. Rf7+ Ke8 59. Rb7 a5 60. Ne4
Kd8 61. Nc5 Rb4 62. Rd7+ Kc8 63. Rh7 Rg4 64. Kf3 Rag2 65. Ne4 Rg7 66. Rh5 Rb2
67. Nc5 Re7 68. Kf4 Rf2+ 69. Kg3 Rf8 70. Rg5 Kc7 71. Kg2 Rff7 72. Kg3 Kd6 0-1

[Event "54th Ilmar Raud Memorial"]
[Site "Viljandi"]
[Date "2020.07.07"]
[Round "3.12"]
[White "Rychagov, Nikita"]
[Black "Köykkä, Pekka"]
[Result "0-1"]
[WhiteElo "1943"]
[BlackElo "2392"]
[PlyCount "142"]
[EventDate "2020.??.??"]

1. e4 d6 2. d4 Nf6 3. Nc3 e5 4. dxe5 dxe5 5. Qxd8+ Kxd8 6. Bc4 Ke8 7. f3 c6 8.
Be3 Nbd7 9. a4 a5 10. Nge2 Bc5 11. Nd1 Ke7 12. Kf2 Ne8 13. Bxc5+ Nxc5 14. Ne3
Nd6 15. Rhd1 Rd8 16. b3 h5 17. h4 g6 18. g3 f6 19. Nc3 Rh8 20. Re1 Nd7 21. Rad1
Nb6 22. Be2 Be6 23. f4 Nd7 24. Bf3 Nc5 25. Re2 Rad8 26. Kg2 Rd7 27. Rf1 Bf7 28.
Kh2 Ne6 29. Bg2 Nd4 30. Ref2 Rg8 31. g4 Be6 32. g5 fxg5 33. fxe5 Nf7 34. Ncd5+
cxd5 35. exd5 Nxe5 36. dxe6 Nxe6 37. hxg5 Rgd8 38. Bh3 Rd2 39. Bxe6 Kxe6 40.
Kg3 Rxf2 41. Rxf2 Rd4 42. Rf6+ Kd7 43. Rb6 Kc8 44. Rb5 Re4 45. Nd5 Rg4+ 46. Kh3
Nf3 47. Ne7+ Kc7 48. Nd5+ Kc6 49. Ne7+ Kc7 50. Nd5+ Kb8 51. Ne3 Nxg5+ 52. Kh2
Nf3+ 53. Kh3 Rg1 54. Rxa5 g5 55. Ng2 g4+ 56. Kg3 Ne1 57. Kf2 Rxg2+ 58. Kxe1 h4
59. Kf1 Rxc2 (59... h3 60. Rh5 Kc7 61. c3 (61. Rh4 Rxc2 62. Rxg4 Rc1+) 61...
Kd6 62. a5 Ke6 63. b4 Kf6 64. b5 Kg6 $19) 60. Rg5 g3 61. Rh5 (61. Kg1 Kc7 62.
Rg4 Rh2 63. Rg6 Kd7 64. a5 Ke7 65. b4 Kf7 66. Rg4 Kf6 67. b5 Kf5 68. Ra4 h3 69.
Ra3 Kf4 70. Ra4+ Kg5 71. Ra3 $11) 61... Rf2+ 62. Kg1 Rf4 63. Kg2 Ka7 64. Rh6 b6
65. Rh5 Ka6 66. Rg5 Rf2+ 67. Kh3 (67. Kg1 Rf3 68. Rh5 Rxb3 69. Rxh4 Ka5 70. Kg2
Ra3 71. Rh6 Rxa4 72. Kxg3 Re4 $19) 67... Rh2+ 68. Kg4 g2 69. Kf4 h3 70. Kf3 Rh1
71. Kf2 Rf1+ 0-1

[Event "54th Ilmar Raud Memorial"]
[Site "Viljandi"]
[Date "2020.07.07"]
[Round "3.13"]
[White "Sirp, Karl Aleksander"]
[Black "Kiik, Kalle"]
[Result "1/2-1/2"]
[WhiteElo "1924"]
[BlackElo "2386"]
[PlyCount "83"]
[EventDate "2020.??.??"]

1. d4 d6 2. Nf3 Bg4 3. c3 c6 4. Qb3 Qb6 5. Bf4 Nd7 6. Nbd2 Ngf6 7. h3 Bxf3 8.
exf3 d5 9. Bd3 e6 10. Nf1 Be7 11. Ne3 O-O 12. Ng4 Rfe8 13. O-O Nxg4 14. hxg4
Rec8 15. Qc2 g6 16. b4 a5 17. a3 Qd8 18. Qe2 Bf8 19. Be5 Ra7 20. f4 f6 21. Bd6
Qe8 22. Bxf8 Nxf8 23. Rfe1 Qf7 24. Qc2 b5 25. a4 axb4 26. cxb4 Rxa4 27. Rxa4
bxa4 28. Qxa4 Qc7 29. g3 Qb6 30. f5 Kf7 31. b5 cxb5 32. Bxb5 Rc7 33. Rb1 Qd6
34. Qa8 Kg7 35. Bd3 e5 36. dxe5 Qxe5 37. Qd8 Rd7 38. Qc8 Qe7 39. Rb8 Rc7 40.
Qd8 Qxd8 41. Rxd8 Rd7 42. Ra8 1/2-1/2

[Event "54th Ilmar Raud Memorial"]
[Site "Viljandi"]
[Date "2020.07.07"]
[Round "3.14"]
[White "Protassov, Vlad"]
[Black "Narva, Mai"]
[Result "0-1"]
[WhiteElo "1916"]
[BlackElo "2333"]
[PlyCount "104"]
[EventDate "2020.??.??"]

1. d4 Nf6 2. c4 e6 3. g3 d5 4. Nf3 Bb4+ 5. Bd2 Be7 6. Bg2 O-O 7. O-O b6 8. Bf4
Bb7 9. Qc2 Nbd7 10. cxd5 Nxd5 11. Bd2 N7f6 12. Nc3 c5 13. Nxd5 Bxd5 14. dxc5
Be4 15. Qd1 Bxc5 16. Bg5 Qe7 17. Qa4 Qe8 18. Qxe8 Nxe8 19. Rfd1 f6 20. Bd2 a5
21. Bc3 Nc7 22. Bd4 Na6 23. Bxc5 Nxc5 24. Nd4 Bxg2 25. Kxg2 Rac8 26. Nb5 Rfd8
27. Nc3 Kf7 28. Rxd8 Rxd8 29. Rd1 Rxd1 30. Nxd1 b5 31. Kf3 Ke7 32. Ke3 Kd6 33.
Nc3 Kc6 34. b3 Nd7 35. Kd3 Ne5+ 36. Kd2 f5 37. f3 Kc5 38. a3 Nc6 39. Na2 Nd4
40. Nc1 e5 41. Kd3 b4 42. a4 g6 43. h3 h6 44. f4 exf4 45. gxf4 Kd5 46. h4 Ne6
47. e3 Nc5+ 48. Ke2 Ke4 49. Kf2 Nd3+ 50. Nxd3 Kxd3 51. Kf3 h5 52. Kf2 Kc3 0-1

[Event "54th Ilmar Raud Memorial"]
[Site "Viljandi"]
[Date "2020.07.07"]
[Round "3.15"]
[White "Valner, Uku"]
[Black "Andrijashkin, Deniss"]
[Result "1/2-1/2"]
[WhiteElo "2302"]
[BlackElo "1861"]
[PlyCount "66"]
[EventDate "2020.??.??"]

1. e4 e6 2. d4 d5 3. e5 c5 4. c3 Qb6 5. Nf3 Nc6 6. a3 Nh6 7. b4 cxd4 8. cxd4
Nf5 9. Bb2 Bd7 10. g4 Nfe7 11. Rg1 Ng6 12. Qd2 h5 13. Nc3 hxg4 14. Rxg4 Nce7
15. Bd3 Nf5 16. Rc1 Rc8 17. Nd1 Rxc1 18. Qxc1 Rh3 19. Be2 Be7 20. Kf1 Bb5 21.
Qc8+ Bd8 22. Nc3 Bxe2+ 23. Kxe2 Qc7 24. Qxc7 Bxc7 25. a4 Bd8 26. a5 Ngh4 27.
Nxh4 Bxh4 28. Nd1 Rxh2 29. b5 Rh3 30. Bc3 Bd8 31. Rg1 Rh4 32. Kd3 Rh3+ 33. Ke2
Rh4 1/2-1/2

[Event "54th Ilmar Raud Memorial"]
[Site "Viljandi"]
[Date "2020.07.07"]
[Round "3.16"]
[White "Ruus, Rein"]
[Black "Keso, Elias"]
[Result "0-1"]
[WhiteElo "1807"]
[BlackElo "2300"]
[PlyCount "146"]
[EventDate "2020.??.??"]

1. e4 c5 2. Nf3 Nc6 3. d4 cxd4 4. Nxd4 Qb6 5. Nb3 Nf6 6. Nc3 e6 7. Be3 Qc7 8.
Qd2 Bb4 9. f3 d5 10. a3 Bxc3 11. Qxc3 dxe4 12. fxe4 O-O 13. Bd3 b6 14. O-O Nd7
15. Nd4 Bb7 16. Bb5 Rac8 17. Rad1 Nc5 18. Bf4 e5 19. Nxc6 exf4 20. Nxa7 Nxe4
21. Qxc7 Rxc7 22. Rd7 Rxd7 23. Bxd7 Ra8 24. Nc6 Nc5 25. Ne5 f6 26. b4 fxe5 27.
bxc5 bxc5 28. a4 Rd8 29. Rd1 Kf8 30. Bg4 Ke7 31. Rb1 Bc6 32. a5 Rd2 33. Bf3
Bxf3 34. gxf3 Rxc2 35. a6 Ra2 36. Rb7+ Kf6 37. Ra7 c4 38. Rc7 Rxa6 39. Rxc4
Ra1+ 40. Kg2 Ra2+ 41. Kg1 Re2 42. Rc7 h6 43. h4 g5 44. Rc6+ Kg7 45. h5 e4 46.
fxe4 Rxe4 47. Kf2 Re3 48. Kg2 Rg3+ 49. Kh2 Rg4 50. Rc7+ Kf8 51. Rc8+ Ke7 52.
Rc7+ Kd6 53. Ra7 Rh4+ 54. Kg2 Rxh5 55. Ra5 Rh4 56. Kf3 Ke6 57. Ke4 Rh1 58. Ra6+
Kd7 59. Kf3 h5 60. Kg2 Rh4 61. Kf3 Rg4 62. Rh6 Rg3+ 63. Kf2 h4 64. Kf1 h3 65.
Kf2 g4 66. Kf1 Ra3 67. Rh7+ Ke6 68. Rh6+ Kf5 69. Rh8 Ra2 70. Rh7 h2 71. Rxh2
Rxh2 72. Kg1 g3 73. Kf1 f3 0-1

[Event "54th Ilmar Raud Memorial"]
[Site "Viljandi"]
[Date "2020.07.07"]
[Round "3.17"]
[White "Vorobjov, Pavel"]
[Black "Blohhin, Sofia"]
[Result "1-0"]
[WhiteElo "2269"]
[BlackElo "1786"]
[PlyCount "77"]
[EventDate "2020.??.??"]

1. c4 c5 2. Nc3 Nf6 3. g3 d5 4. cxd5 Nxd5 5. Bg2 Nc7 6. Nf3 Nc6 7. O-O e5 8. d3
Be7 9. Nd2 Be6 10. Nc4 f6 11. f4 exf4 12. Bxf4 O-O 13. Qa4 Qd7 14. Na5 Nd5 15.
Nxb7 a5 16. Nd6 Nxf4 17. gxf4 Qxd6 18. Qxc6 Qxc6 19. Bxc6 Rab8 20. Bd5 Bxd5 21.
Nxd5 Bd6 22. b3 f5 23. Kg2 Rfe8 24. Kf3 Rbd8 25. Rac1 Re6 26. Ne3 g6 27. Nd5
Kg7 28. Rc4 g5 29. fxg5 Bxh2 30. Nf6 Be5 31. Rh1 Bxf6 32. gxf6+ Rxf6 33. Rxc5
Ra8 34. Rc7+ Rf7 35. Rxh7+ Kxh7 36. Rxf7+ Kg6 37. Rc7 Kg5 38. Rc5 a4 39. e4 1-0

[Event "54th Ilmar Raud Memorial"]
[Site "Viljandi"]
[Date "2020.07.07"]
[Round "3.18"]
[White "Pedmanson, Albert"]
[Black "Haavamäe, Henrik"]
[Result "0-1"]
[WhiteElo "1786"]
[BlackElo "2210"]
[PlyCount "88"]
[EventDate "2020.??.??"]

1. e4 c5 2. Nf3 Nc6 3. c3 Nf6 4. e5 Nd5 5. d4 cxd4 6. cxd4 d6 7. Bc4 Nb6 8. Bb5
dxe5 9. Nxe5 Bd7 10. Bxc6 Bxc6 11. Nxc6 bxc6 12. O-O e6 13. Nc3 Be7 14. Be3 O-O
15. Rc1 Nd5 16. Ne4 Qb6 17. b3 e5 18. Re1 Rad8 19. Rc4 Nxe3 20. fxe3 Rd5 21.
Qc2 exd4 22. Rxc6 Qa5 23. Qf2 dxe3 24. Qxe3 f5 25. Nf2 Bc5 26. Qe6+ Kh8 27. a3
Rd2 28. Rf1 Qxa3 29. Qc4 Bb6 30. Qc3 Rfd8 31. h3 Qb2 32. Qxb2 Rxb2 33. Rc3 g5
34. g3 g4 35. hxg4 fxg4 36. Rc4 Rdd2 37. Rf4 Rxf2 38. R4xf2 Rxf2 39. Rxf2 Kg7
40. Kg2 Bxf2 41. Kxf2 Kf6 42. Ke3 Kg5 43. b4 h5 44. Kf2 a6 0-1

[Event "54th Ilmar Raud Memorial"]
[Site "Viljandi"]
[Date "2020.07.07"]
[Round "3.19"]
[White "Pedmanson, Herman"]
[Black "Pedoson, Georg Aleksander"]
[Result "1/2-1/2"]
[WhiteElo "1767"]
[BlackElo "2189"]
[PlyCount "160"]
[EventDate "2020.??.??"]

1. e4 d5 2. exd5 Qxd5 3. Nc3 Qd6 4. d4 Nf6 5. Be3 a6 6. Qd2 g6 7. O-O-O Bg7 8.
h3 O-O 9. g4 Nd5 10. Ne4 Qd8 11. Bh6 Nc6 12. Bxg7 Kxg7 13. Bg2 b5 14. Ne2 a5
15. N2g3 Ra6 16. h4 Bxg4 17. f3 Bf5 18. h5 Nb8 19. Bh3 Bxh3 20. Rxh3 Rh8 21.
hxg6 Rxg6 22. Nf5+ Kg8 23. Nh4 Rg7 24. Rg3 Rxg3 25. Nxg3 e6 26. Rg1 Kf8 27.
Qh6+ Ke8 28. Ne4 Nc6 29. c3 Kd7 30. Rg7 Qf8 31. Ng5 Nd8 32. Nxh7 (32. Rxf7+
Nxf7 33. Qxe6+ Kd8 34. Nxf7+) 32... Qd6 33. Ng6 Re8 34. Ne5+ Kc8 35. Ng5 f5 36.
Rd7 Qb6 37. Qh5 Nf6 38. Rxd8+ Rxd8 39. Qf7 Nd7 40. Ng6 e5 41. Ne6 exd4 42. Ne7+
Kb8 43. Nxd8 Qh6+ 44. Kd1 Qh1+ 45. Kd2 Qg2+ 46. Kd1 Qxf3+ 47. Kd2 Qf2+ 48. Kd1
Qf3+ 49. Kd2 Qe3+ 50. Kd1 Qd3+ 51. Kc1 Qf1+ 52. Kd2 Qg2+ 53. Kd1 Ne5 54. Ndc6+
Nxc6 55. Nxc6+ Qxc6 56. Qxf5 dxc3 57. bxc3 Kb7 58. Kc2 Qc4 59. Qf3+ Ka7 60.
Qf2+ Ka6 61. Qf6+ c6 62. Kb2 a4 63. Qf8 Qe2+ 64. Ka3 Qe5 65. Kb4 Kb7 66. Qf2
Qe7+ 67. Ka5 Qd8+ 68. Kb4 Ka6 69. Ka3 Qd1 70. Qg2 Kb6 (70... Qc1+ 71. Kb4 Qf4+
72. Ka3 Ka5 73. Kb2 b4 74. Qxc6 (74. Qe2 bxc3+ 75. Kxc3 Qc1+ 76. Kd4 Kb4) 74...
Qd2+ 75. Kb1 Qd1+ 76. Kb2 a3#) 71. Qf2+ c5 72. Qe3 Qb1 (72... Qc2 73. Qe6+ Ka5
74. Qe1 Qd3 (74... Qxc3+ 75. Qxc3+ b4+ 76. Qxb4+ cxb4+ 77. Kb2 Kb5) 75. Kb2)
73. Qf4 Qd3 74. Qb8+ Kc6 75. Qa8+ Kc7 76. Qa7+ Kd6 77. Qb8+ Kd5 78. Qg8+ Ke4
79. Qe6+ Kf4 80. Qf6+ Ke3 1/2-1/2

[Event "54th Ilmar Raud Memorial"]
[Site "Viljandi"]
[Date "2020.07.07"]
[Round "3.20"]
[White "Mierins, Emils Janis"]
[Black "Sinitsõna, Anastassia"]
[Result "0-1"]
[WhiteElo "1750"]
[BlackElo "2138"]
[PlyCount "80"]
[EventDate "2020.??.??"]

1. e4 c5 2. Nc3 Nc6 3. f4 g6 4. Nf3 Bg7 5. Bc4 e6 6. a4 Nge7 7. d3 O-O 8. O-O
a6 9. Ba2 Rb8 10. Qe1 b5 11. axb5 axb5 12. Qh4 Nd4 13. Nxd4 Bxd4+ 14. Kh1 Nc6
15. Qxd8 Rxd8 16. Ne2 Bg7 17. c3 d5 18. Bb3 c4 19. Bc2 d4 20. cxd4 Nb4 21. Bb1
Nxd3 22. e5 Bb7 23. Kg1 Bf8 24. Rd1 Nb4 25. Nc3 Bc6 26. Be3 Nd5 27. Nxd5 Bxd5
28. Bc2 Ra8 29. Kf2 b4 30. Rdb1 b3 31. Bd1 Be4 32. Rxa8 Rxa8 33. Rc1 Ra2 34.
Rxc4 Rxb2+ 35. Ke1 Bd5 36. Rc8 Kg7 37. Bd2 Rb1 38. Ba5 b2 39. Rb8 Ra1 40. Bd8
b1=Q 0-1

[Event "54th Ilmar Raud Memorial"]
[Site "Viljandi"]
[Date "2020.07.07"]
[Round "3.21"]
[White "Narva, Triin"]
[Black "Ter-Avetisjana, Agnesa Stepania"]
[Result "1-0"]
[WhiteElo "2107"]
[BlackElo "1717"]
[PlyCount "81"]
[EventDate "2020.??.??"]

1. e4 c6 2. d4 d5 3. Nc3 dxe4 4. Nxe4 Bf5 5. Ng3 Bg6 6. h4 h6 7. Nf3 e6 8. h5
Bh7 9. Bd3 Bxd3 10. Qxd3 Nf6 11. Bd2 c5 12. O-O Nc6 13. Bc3 Bd6 14. Ne4 Nxe4
15. Qxe4 cxd4 16. Nxd4 Nxd4 17. Qxd4 e5 18. Qd5 Qc7 19. Ba5 Qc5 20. Rad1 O-O
21. Bc3 Qxd5 22. Rxd5 Rad8 23. Rfd1 Bc7 24. Rxd8 Rxd8 25. Rxd8+ Bxd8 26. Bxe5
f6 27. Bd4 a6 28. Kf1 Be7 29. Ke2 Kf7 30. Kf3 Ke6 31. g4 b5 32. Ke4 Bf8 33. f4
Be7 34. Bc3 Bc5 35. a3 Bd6 36. f5+ Kd7 37. Kd5 Be7 38. Bd4 Bf8 39. Bc5 Bxc5 40.
Kxc5 Kc7 41. b4 1-0

[Event "54th Ilmar Raud Memorial"]
[Site "Viljandi"]
[Date "2020.07.07"]
[Round "3.22"]
[White "Uibokant, Mathias Robert"]
[Black "Ivanova, Lidia"]
[Result "1-0"]
[WhiteElo "2050"]
[BlackElo "1430"]
[PlyCount "109"]
[EventDate "2020.??.??"]

1. d4 d5 2. Bf4 Bf5 3. c3 c6 4. Qb3 Qb6 5. e3 e6 6. Nf3 Nd7 7. Nbd2 Ngf6 8. h3
h6 9. Ne5 Qxb3 10. axb3 c5 11. Ndf3 a6 12. Nxd7 Nxd7 13. Ne5 Nxe5 14. Bxe5 f6
15. Bg3 Bc2 16. dxc5 Bxb3 17. Bb5+ Kf7 18. c6 bxc6 19. Bxc6 Rd8 20. Rxa6 Bc5
21. Kd2 Rc8 22. Bd7 Ra8 23. Bxe6+ Ke7 24. Rha1 Rxa6 25. Rxa6 Rd8 26. Bf5 Kf8
27. Rc6 Be7 28. Rb6 Bc4 29. Bd3 Ra8 30. Bxc4 dxc4 31. Rb8+ Rxb8 32. Bxb8 Ke8
33. Kc2 Kd7 34. b3 cxb3+ 35. Kxb3 Kc6 36. Kc4 Ba3 37. e4 Bf8 38. e5 fxe5 39.
Bxe5 h5 40. Kd4 Bc5+ 41. Ke4 Bxf2 42. Bxg7 h4 43. Kf3 Be1 44. Bf6 Kd5 45. Kg4
Ke6 46. Bd4 Kd5 47. Kh5 Ke4 48. Bf6 Kd5 49. c4+ Kxc4 50. Bxh4 Bc3 51. Kg6 Kd5
52. Bf6 Bd2 53. h4 Ke6 54. h5 Be3 55. g4 1-0

[Event "54th Ilmar Raud Memorial"]
[Site "Viljandi"]
[Date "2020.07.07"]
[Round "3.23"]
[White "Linroos, Monika"]
[Black "Olde, Grete"]
[Result "0-1"]
[WhiteElo "1491"]
[BlackElo "2046"]
[PlyCount "71"]
[EventDate "2020.??.??"]

1. e4 e5 2. Nf3 Nc6 3. c3 Nf6 4. d3 Bc5 5. h3 d6 6. Be2 h6 7. O-O O-O 8. b4 Bb6
9. Nbd2 Ne7 10. d4 Ng6 11. Qc2 Nf4 12. Nc4 Nxe2+ 13. Qxe2 exd4 14. cxd4 d5 15.
Nxb6 axb6 16. e5 Ne4 17. Be3 f5 18. a3 g5 19. Nh2 Qe8 20. Qc2 f4 21. Bc1 c6 22.
f3 Ng3 23. Re1 h5 24. Nf1 Nf5 25. Qd3 Nh4 26. Qe2 Qg6 27. Qf2 Nf5 28. Kh2 Nh6
29. g3 fxg3+ 30. Qxg3 Nf5 31. Qg1 Nh4 32. Nd2 Nxf3+ 33. Nxf3 Rxf3 34. Qxg5 Qxg5
35. Bxg5 Rxh3+ 36. Kg2 0-1

[Event "54th Ilmar Raud Memorial"]
[Site "Viljandi"]
[Date "2020.07.07"]
[Round "3.24"]
[White "Tomson, Mikk"]
[Black "Krivenko, Dion"]
[Result "0-1"]
[WhiteElo "1390"]
[BlackElo "2046"]
[PlyCount "72"]
[EventDate "2020.??.??"]

1. d4 Nf6 2. c4 g6 3. Nc3 Bg7 4. Nf3 O-O 5. e4 d6 6. Be2 Nbd7 7. O-O e5 8. dxe5
dxe5 9. b3 c6 10. Bb2 Re8 11. Qc2 Qc7 12. Rfe1 Nf8 13. h3 Nh5 14. Bf1 Ne6 15.
Rad1 Nd4 16. Nxd4 exd4 17. Ne2 c5 18. Qd3 b6 19. Ng3 Nxg3 20. Qxg3 Qxg3 21.
fxg3 Bb7 22. Bd3 Re6 23. Re2 Rae8 24. Rde1 Bh6 25. Kf1 a5 (25... Be3 26. Rxe3
dxe3 27. e5) 26. a3 f6 27. b4 Kf7 28. bxc5 bxc5 29. a4 Rb6 30. Rb1 Rb3 31. Bc2
d3 32. Bxb3 dxe2+ 33. Kf2 (33. Kxe2 Bxe4 {[%cal Re4c2]}) 33... Bxe4 34. Re1 Rb8
35. Rxe2 Rxb3 36. Bxf6 Bd3 0-1